Biggest Cities that Start with G - Statistics

General Stats
  • This quiz has been taken 172 times
  • The average score is 5 of 7
Answer Stats
Clue Answer % Correct
Central American Country whose Capital is the same name as the Country's Guatemala
98%
City of the Pyramids Giza
96%
Capital of the Guangdong Province of China Guangzhou
89%
Capital of Jalisco (Mexico) Guadalajara
84%
Second Largest city in Ecuador Guayaquil
69%
Turkish City famous for its Pistachios Gaziantep
36%
6th Largest Metro of South Korea Gwangju
28%
No matching quizzes found
Score Distribution
Percent of People with Each Score
Percentile by Number Answered
Your Score History
You have not taken this quiz